| 000 | 00362nam a2200109Ia 4500 | ||
|---|---|---|---|
| 008 | 171204s9999 xx 000 0 und d | ||
| 245 | _aElection 2007: The Shift to Limited Preferential Voting in Papua New Guinea: | ||
| 245 | _cNicole Haley, R.J. May, and Ray Anere | ||
| 260 | _c2013 | ||
| 650 | _xHistory | ||
| 856 | _uhttp://down.ebook777.com/063/1922144290.pdf | ||
| 999 |
_c345549 _d345549 |
||